000 nam a22 7a 4500
999 _c9753
_d9753
008 180207b ||||| |||| 00| 0 eng d
100 _aOxlade, C
_95857
245 _a300 Science and history project
260 _aNew Delhi
_bHermas House
_c2004